000 02545cgm a2200565Ki 4500
001 ocn917670680
003 OCoLC
005 20241220163723.0
007 vd cvaizq
008 150811s2015 utu094 vleng d
040 _aTEFMT
_beng
_erda
_cTEFMT
_dTEF
_dUINTA
024 1 _a783027014396
028 4 2 _a5139140
_bExcel Entertainment
035 _a(OCoLC)917670680
037 _bMidwest Tape
_nhttp://www.midwesttapes.com
043 _an-us-wy
050 4 _aPN1997.2
_b.C65 2015
082 0 4 _a791.43/72
_223
049 _aUCLB
245 0 4 _aThe Cokeville miracle /
_cT.C. Christensen.
264 1 _a[Salt Lake City, Utah] :
_bExcel Entertainment Group,
_c[2015]
300 _a1 videodisc (94 min.) :
_bsound, color ;
_c4 3/4 in.
336 _atwo-dimensional moving image
337 _avideo
338 _avideodisc
344 _adigital
_boptical
_hHiFi sound
_2rda
346 _bNTSC
_2rda
347 _avideo file
_bDVD video
_eregion 1
_2rda
380 _aMotion picture.
538 _aDVD.
500 _aTitle from web page.
511 1 _aNathan Stevens, Jasen Wade, Caitlin E. J. Meyer, Mason D. Davis, Joshua Cooper, Anson Bagley.
500 _aWidescreen.
521 8 _aMPAA rating: PG-13; for thematic material including violence and peril.
520 _aOn May 9, 1986, in the small, ranching community of Cokeville, Wyoming, David and Doris Young took an elementary school hostage for several hours before detonating a bomb inside a classroom that held every teacher and student in the school. In the wake of the madness, Ron Hartley, whose children were inside the classroom, must fight his skepticism and unbelief as he hears eyewitness accounts from the students about miraculous, heavenly intervention during the crisis. Based on actual events.
650 0 _aHostages
_zWyoming
_zCokeville
_vDrama.
_96533987
650 0 _aStudents
_xCrimes against
_zWyoming
_zCokeville
_vDrama.
_96533988
650 0 _aSchool violence
_zWyoming
_zCokeville
_vDrama.
_96533989
650 0 _aMiracles
_vDrama.
_95807319
650 0 _aAngels
_vDrama.
_95717535
655 7 _aFeature films.
_2lcgft
655 7 _aFiction films.
_2lcgft
700 1 _aChristensen, T. C.,
_efilm director.
_965868
700 1 _aStevens, Nathan,
_eactor.
_96533990
700 1 _aWade, Jasen,
_eactor.
_95732995
700 1 _aMeyer, Caitlin E. J.,
_eactor.
_977672
700 1 _aDavis, Mason D.,
_eactor.
_95929210
710 2 _aExcel Entertainment Group,
_epublisher.
_95673856
994 _aC0
_bUINTA
999 _c200211
_d200211